Liberta scolastiche e laicita dello stato in Italia e Francia

Bewaard in:
Bibliografische gegevens
Hoofdauteur: Ferrari, Alessandro
Formaat: Boek
Taal:Engels
Italiaans
Gepubliceerd in: Torino, Italia G. Giappichelli Editore 2002
Reeks:Collana di studi di Diritto Canonico ed Ecclesiastico v.22
Onderwerpen:
Tags: Voeg label toe
Geen labels, Wees de eerste die dit record labelt!

MARC

LEADER 00000nam a22000007a 4500
003 CL-VaPUC
005 20230818104525.0
008 200120b ||||| |||| 00| 0 eng d
999 |c 377550  |d 377548 
020 |a 8834821556 
040 |c Pontificia Universidad Católica de Valparaíso 
041 0 |a ita 
082 |a 262.1 FER 2002 
100 1 |a Ferrari, Alessandro  |9 609623 
245 1 0 |a Liberta scolastiche e laicita dello stato in Italia e Francia 
260 3 |a Torino, Italia  |b G. Giappichelli Editore  |c 2002 
300 |a 529 páginas 
490 0 0 |a Collana di studi di Diritto Canonico ed Ecclesiastico  |v v.22 
505 0 |a Parte prima. Laicita dello stato-potere e privatizzazione della scuola confessionale. Parte seconda. Laicita dello stato-istituziones e costituzionalizzazione delle liberta scolastiche. Parte terza. Laicita dello stato-comunita e scuole paritarie. 
583 |c 20200120  |k Daniel Castañeda 
650 1 0 |a Laicismo  |9 313856 
650 1 0 |a Estado laico   |9 609624 
650 1 0 |a Libertad de enseñanza   |9 311567 
650 1 0 |a ESCUELAS PRIVADAS  |9 312138 
942 |2 ddc  |c BK 
952 |0 0  |1 0  |2 ddc  |4 0  |6 262_100000000000000_FER_2002  |7 0  |9 497529  |a BIBDER  |b BIBDER  |d 2020-01-20  |i 5613892  |o 262.1 FER 2002  |p 5613892  |r 2023-01-25  |t 1  |w 2020-01-20  |y BK  |k DER